000 00372nam a2200145 4500
001 15767
021 _b159488/00
090 _a15767
100 _a20230912 pory50
200 _aO peixe-menino
_fJoão Ferreira
210 _a[S.N.]
_cGrafitimbre
_d202?
215 _a65 p.
_ctodo il.
225 _aSérie B - Histórias para crianças)
801 _aPT
_bBMA
_gRPC
990 _cLIVROS